000 00739nam a2200289Ia 4500
005 20260121125133.0
008 008 260114s9999 xx 000 0 eng d
020 _a9781477320686
037 _aEBOOK
040 _aCRL
040 _beng
040 _cCRL
041 _2eng
041 _aeng
084 _qCRL
100 _aKaribo, Holly M.
_9987874
245 0 _aBorder Policing: A History of Enforcement and Evasion in North America
260 _bWalter de Gruyter
260 _bWalter de Gruyter
260 _c2020
650 _aHistory
_9987875
700 _a Diaz, George T.
_9987876
856 _uhttp://www.degruyter.com/isbn/9781477320686
942 _cEBOOK
999 _c1559768
_d1559768